00330 a2200109 450000500170000002000180001708200200003510000170005524500480007226000400012030000600016020250602174607.0 a81-259-1210-X aLECT 658.78 SAX aSAXEN, J. P. aWarehouse Management and Inventory Control. aNew Delhi,bVikas House LTD,c2003. axviii, 244p.: ill.; figure, picture, tablebIndexc24cm